LIBRARY ONLINE CATALOGUE

The quest for truth : (Record no. 20282)

MARC details
000 -LEADER
fixed length control field 00393nam a22001337a 4500
008 - FIXED-LENGTH DATA ELEMENTS--GENERAL INFORMATION
fixed length control field 230913b |||||||| |||| 00| 0 eng d
020 ## - INTERNATIONAL STANDARD BOOK NUMBER
International Standard Book Number 978-1633421820
050 ## - LIBRARY OF CONGRESS CALL NUMBER
Classification number BT1102
Item number .H87 2020
100 ## - MAIN ENTRY--PERSONAL NAME
Personal name Hurley, Shannon
245 ## - TITLE STATEMENT
Title The quest for truth :
Remainder of title A journey into the heart of Biblical christianity
Statement of responsibility, etc. Shannon Hurley
260 ## - PUBLICATION, DISTRIBUTION, ETC. (IMPRINT)
Name of publisher, distributor, etc. Shepherd press
Date of publication, distribution, etc. 2020
300 ## - PHYSICAL DESCRIPTION
Extent 253p.
942 ## - ADDED ENTRY ELEMENTS (KOHA)
Source of classification or shelving scheme Library of Congress Classification
Koha item type General Collection
Holdings
Withdrawn status Lost status Source of classification or shelving scheme Not for loan Home library Current library Date acquired Cost, normal purchase price Inventory number Total Checkouts Full call number Barcode Date last seen Date last checked out Copy number Price effective from Koha item type
    Library of Congress Classification   Kabarak, Main Campus Kabarak, Main Campus 13/09/2023 1750.00 0303/2022 1 BT1102 .H87 2020 C.1 031779 02/08/2024 19/10/2023 C.1 13/09/2023 General Collection